La mujer del policía

Saved in:
Bibliografiske detaljer
Hovedforfatter: Gómez, Sergio (Author)
Format: Bog
Sprog:spansk
Udgivet: Santiago Aguilar 2000
Fag:
Tags: Tilføj Tag
Ingen Tags, Vær først til at tagge denne postø!

MARC

LEADER 00000nam a2200000 a 4500
001 UCO9821
003 CL-VaPUC
008 010309e20000000CL |||||||||||||||||spa|d
082 0 4 |a Ch863  |b GOM  |2 21 
100 0 |a Gómez, Sergio  |e author  |9 236 
245 1 3 |a La mujer del policía 
300 |a 199 p 
942 |c BK 
945 |d 20010309 00:00:00  |a cmena 
260 |a Santiago  |b Aguilar  |c 2000 
650 0 |a Novelas chilenas   |9 265425 
650 0 |a Literatura chilena   |9 308278 
583 |a last modification  |c 20010309 00:00:00  |k Rodrigo Vera 
999 |c 293844  |d 293842 
952 |0 0  |1 0  |4 0  |6 CH_863_000000000000000_GOM_2000  |7 0  |8 A  |9 345600  |a BIBEDU  |b BIBEDU  |d 2019-11-20  |i 3692809  |o Ch863 GOM 2000  |p 3692809  |r 2019-11-20  |w 2019-11-20  |y BK  |k LIT 
952 |0 0  |1 0  |4 0  |6 CH_863_000000000000000_GOM_2000  |7 0  |8 A  |9 345601  |a BIBEDU  |b BIBEDU  |d 2019-11-20  |i 3790835  |o Ch863 GOM 2000  |p 3790835  |r 2019-11-20  |w 2019-11-20  |y BK  |k LIT